A quiet reformer : an introduction to Edmund Schlink's life and ecumenical theology : from a gospel voice in Nazi vision of christian unity
Αποθηκεύτηκε σε:
| Κύριος συγγραφέας: | |
|---|---|
| Μορφή: | Βιβλίο |
| Γλώσσα: | English |
| Δημοσίευση: |
Minneapolis, Minnesota :
Kirk House,
[1999]
|
| Θέματα: | |
| Ετικέτες: |
Προσθήκη ετικέτας
Δεν υπάρχουν, Καταχωρήστε ετικέτα πρώτοι!
|
MARC
| LEADER | 00000cam a2200000 i 4500 | ||
|---|---|---|---|
| 001 | 1/29945 | ||
| 008 | 060522s1999 eng d | ||
| 020 | |a 1-886513-19-8 | ||
| 035 | |l 10084024 | ||
| 040 | |a GR-MY-UA |b gre |e aacr | ||
| 041 | 0 | |a eng | |
| 082 | 0 | |a 299.21 |2 (22) | |
| 100 | 1 | |a Skibbe, Eugene M. | |
| 245 | 1 | 2 | |a A quiet reformer : |b an introduction to Edmund Schlink's life and ecumenical theology : from a gospel voice in Nazi vision of christian unity / |c by Eugene M. Skibbe |
| 260 | |a Minneapolis, Minnesota : |b Kirk House, |c [1999] | ||
| 300 | |a 156 σ.; |c 24 εκ. | ||
| 500 | |a Με: Religionen in der Umwelt des Alten Testaments / Manfred Hutter. - Die Tugenden / Herbert Witzenmanni | ||
| 504 | |a Βιβλιογραφία: σ. 135-153. Ευρετήριο | ||
| 600 | 1 | 0 | |a Schlink, Edmund, |d 1903-1984. |
| 852 | |a INST |b RHODES |c KRI |e 20060522 |h 299.21 HUT |p 005400020763 |q 005400020763 |t BK |y 0 | ||
| 901 | |a BIBL4-2006-2 | ||
| 909 | |a Ρ |b 123571 | ||
| 970 | |a ΚΟΖΑ |b ΜΑΡΙΑ |z 2006/05/22 | ||